000 00605nam a22002057a 4500
008 240702b mp ||||| |||| 00| 0 mon d
035 _a24959
040 _aZA2481090
_bmon
_cMN-UlNLM
_dMN-UlNLM
_erda
041 _amon
042 _a55205
084 _2NNA
_a84/4шв/-44
_bЛ-58
100 _aЛиндгрен А.
245 0 _aЖаалхүү Карлсон хоёрын тухай гурван тууж
264 _aулаанбаатар
300 _a282х.
336 _2rdacontent
_atext
_btxt
337 _2rdamedia
_aunmediated
_bn
338 _2rdacarrier
_avolume
_bnc
942 _2NNA
_cBK
999 _c1092873
_d1092930